UBT Library

Women in eighteenth-century America; (Record no. 43335)

000 -LEADER
fixed length control field 00493cam a22001932 4500
001 - CONTROL NUMBER
control field 7056850
005 - DATE AND TIME OF LATEST TRANSACTION
control field 20180224023134.0
008 - FIXED-LENGTH DATA ELEMENTS--GENERAL INFORMATION
fixed length control field 830715t19661935nyu 000 0 eng
010 ## - LIBRARY OF CONGRESS CONTROL NUMBER
LC control number 65027114
040 ## - CATALOGING SOURCE
Original cataloging agency DLC
Transcribing agency CarP
Modifying agency DLC
041 ## - LANGUAGE CODE
Language code of text/sound track or separate title eng
080 ## - UNIVERSAL DECIMAL CLASSIFICATION NUMBER
Universal Decimal Classification number 316
082 ## - DEWEY DECIMAL CLASSIFICATION NUMBER
Edition number 316 BEN
100 1# - Rafti
Rafti 50
101 ## - Shkurtesa
Shkurtesa SOC
245 10 - TITLE STATEMENT
Title Women in eighteenth-century America;
906 ## - LOCAL DATA ELEMENT F, LDF (RLIN)
a 0
b cbc
c premver
d u
e ncip
f 19
g y-gencatlg
942 ## - ADDED ENTRY ELEMENTS (KOHA)
Source of classification or shelving scheme
Item type Books
Holdings
Withdrawn status Lost status Source of classification or shelving scheme Damaged status Not for loan Collection code Permanent location Current location Shelving location Date acquired Total Checkouts Full call number Barcode Date last seen Price effective from Koha item type
          Koleksioni i përgjithshem UBT - Lipjan UBT - Lipjan Koleksioni i përgjithshem 02/24/2018   316 BEN 002-2999606 02/24/2018 02/24/2018 Books
UBT Library © 2015-2024. All rights reserved University Education for Business and Technology